| Поле | Инд. | ПП | Название | Значение |
|---|---|---|---|---|
| Тип записи | a | |||
| Библиографический уровень | m | |||
| 001 | Контрольный номер | RU/LIBMSTU/415182676 | ||
| 005 | Дата корректировки | 20200422093611.3 | ||
| 008 | Кодируемые данные | 130227|||||||||ru |||||||||||000|||rus|| | ||
| 040 | b | Код языка каталог. | rus | |
| 041 | 0_ | a | Код языка текста | rus |
| 084 | a | Индекс другой классификации/Индекс ББК | 94+39.33-08+39.35 | |
| 090 | a | Полочн. индекс | 94 | |
| x | Авторский знак | Б 12 | ||
| 100 | 1_ | a | Автор | Бабошин А. А. |
| 245 | 10 | a | Заглавие | Методика диагностирования поршневых двигателей внутреннего сгорания по результатам их косвенного индицирования |
| b | Продолж. заглавия | автореф. дис. ... канд. техн. наук : 05.22.10 | ||
| c | Ответственность | Федер. агентство по рыболовству, ФГБОУ ВПО "Мурман. гос. техн. ун-т" | ||
| 260 | a | Место издания | Санкт-Петербург | |
| c | Дата издания | 2013 | ||
| 300 | a | Объем | 22 с. | |
| b | Иллюстрации/ тип воспроизводства | ил. | ||
| 583 | x | Служебное примечание | Труды преподавателей МГТУ | |
| 650 | 04 | a | Основная рубрика | Автомобили-Техническая эксплуатация |
| 650 | 14 | a | Основная рубрика | Двигатели внутреннего сгорания автомобильные |
| 653 | 0_ | a | Ключевые слова | Автомобили; Авторефераты диссертаций; Двигатели внутреннего сгорания; ДВС; Двигатели автомобильные; Диагностирование двигателей автомобильных; Измерение давления; Индицирование поршневых двигателей; Косвенное индицирование; Метод косвенного индицирования; Цилиндры ДВС |
| 901 | t | Тип документа | r |